| 000 | 02634nam a22001577a 4500 | ||
|---|---|---|---|
| 041 | _aukr | ||
| 080 | _a09 | ||
| 090 | _bШМА | ||
| 100 | _aШмакова, Т. І. | ||
| 245 | _aЛінгвістичний аналіз статей британського щотижневика The Economist: суспільно-політична тематика | ||
| 260 |
_aОстрог _bКАФ _c2014 |
||
| 300 | _a116 | ||
| 520 |
_aВступ.
Розділ І. Жанрові особливості публіцистичних текстів як різновиду масової комунікації.
1.1. Публіцистичний стиль як функціональний стиль мови
1.2. Лексичні особливості публіцистичних текстів
1.3. Функціональні особливості суспільно-політичних термінів
Розділ ІІ. Стилістичні особливості статей британського щотижневика The Economist.
2.1. Характеристика семантико-стилістичних особливостей щотижневика
2.2. Тематична класифікація політичнихтериінів
2.2.1. Загальнополітична термінологія
2.2.2. Термінологія внутрішньої політики
2.2.3. Терміни зовнішньої політики
Розділ ІІІ. Структурно-семантичний аналіз статей щотижневика The Economist.
3.1. Структурна класифікація суспільно-політичної лексики
3.2. Лексико-семантична класифікація суспільно-політичної термінології
Розділ IV. Принципи організації та функціонування системи управління охороною праці на підприємстві.
4.1. Законодавча та нормативна база охорона праці в Україні щодо СУОП на підприємстві
4.2. Організаційна структура управління охороною праці на підприємстві
4.3. Планування і стимулювання заходів з охорони праціна підприємстві
Висновки.
Список використаних джерел.
Додатки. _0термінологія, підліцистичний текст, The Economist |
||
| 650 | _aResearch Papers | ||
| 999 |
_c285366 _d285366 |
||
| 942 | _cBK | ||